[Event "Girona-ch"]
[Site "Girona"]
[Date "2008.11.30"]
[Round "9"]
[White "Torrenta Planas, Marcel"]
[Black "Van Arkel, Johannes"]
[Result "1-0"]
[WhiteElo "2026"]
[BlackElo "1878"]
[PlyCount "67"]
[EventDate "2008.10.05"]
[EventType "swiss"]
[EventRounds "9"]
[EventCountry "ESP"]
[SourceTitle "EXT 2011"]
[Source "ChessBase"]
[SourceDate "2010.11.26"]
[SourceVersion "1"]
[SourceVersionDate "2010.11.26"]
[SourceQuality "1"]

1. d4 Nf6 2. c4 g6 3. Nc3 Bg7 4. e4 d6 5. Nf3 0-0 6. Bd3 Na6 7. 0-0 Bg4 8. h3 Bxf3 9. Qxf3 e5 10. d5 Nc5 11. Bc2 a5 12. Be3 Nfd7 13. Qg4 h5 14. Qg3 Kh7 15. Ne2 Bh6 16. Bxh6 Kxh6 17. f4 exf4 18. Rxf4 Qg5 19. Qe3 Ne5 20. h4 Qd8 21. Rxf7+ g5 22. Rxf8 Qxf8 23. Qxg5+ Kh7 24. Qxh5+ Qh6 25. Qxh6+ Kxh6 26. b3 Rg8 27. Rf1 Kh5 28. Rf4 Rg4 29. g3 Rxf4 30. Nxf4+ Kg4 31. Kf2 Nf3 32. Bd1 Nxe4+ 33. Kg2 Nxg3 34. Ne6 1-0

[Event "Girona-ch"]
[Site "Girona"]
[Date "2008.10.26"]
[Round "4"]
[White "Torrenta Planas, Marcel"]
[Black "Burset Camps, Guillem"]
[Result "1-0"]
[WhiteElo "2026"]
[BlackElo "1865"]
[PlyCount "85"]
[EventDate "2008.10.05"]
[EventType "swiss"]
[EventRounds "9"]
[EventCountry "ESP"]
[SourceTitle "EXT 2011"]
[Source "ChessBase"]
[SourceDate "2010.11.26"]
[SourceVersion "1"]
[SourceVersionDate "2010.11.26"]
[SourceQuality "1"]

1. d4 d5 2. c4 e6 3. Nc3 Nf6 4. Bg5 Be7 5. e3 0-0 6. Nf3 Nbd7 7. cxd5 Nxd5 8. Bxe7 Qxe7 9. Rc1 Qb4 10. Qc2 c6 11. Bd3 h6 12. 0-0 Nxc3 13. bxc3 Qe7 14. c4 b6 15. e4 Bb7 16. Rfd1 c5 17. d5 e5 18. a4 Nb8 19. a5 Na6 20. axb6 axb6 21. Qb2 f6 22. Qxb6 Nb4 23. Nh4 Ra6 24. Nf5 Rxb6 25. Nxe7+ Kh7 26. Nf5 g6 27. Ne3 Nxd3 28. Rxd3 Rb8 29. g4 Kg7 30. Rcc3 Bc8 31. Kg2 Kf7 32. Ra3 Bd7 33. Ra7 R6b7 34. Rda3 Rxa7 35. Rxa7 Ke7 36. h4 Rc8 37. Kg3 h5 38. g5 fxg5 39. hxg5 Rf8 40. Ng2 Rg8 41. Nh4 Kd8 42. Ra8+ Bc8 43. Ra5 1-0

[Event "Girona-ch"]
[Site "Girona"]
[Date "2008.10.19"]
[Round "3"]
[White "Alonso Rosell, Alvar"]
[Black "Torrenta Planas, Marcel"]
[Result "1-0"]
[WhiteElo "2416"]
[BlackElo "2026"]
[PlyCount "47"]
[EventDate "2008.10.05"]
[EventType "swiss"]
[EventRounds "9"]
[EventCountry "ESP"]
[SourceTitle "EXT 2011"]
[Source "ChessBase"]
[SourceDate "2010.11.26"]
[SourceVersion "1"]
[SourceVersionDate "2010.11.26"]
[SourceQuality "1"]

1. d4 Nf6 2. c4 g6 3. Nc3 Bg7 4. Nf3 d6 5. g3 0-0 6. Bg2 e5 7. 0-0 exd4 8. Nxd4 Nbd7 9. e4 Re8 10. Re1 Nc5 11. h3 h6 12. Rb1 a5 13. b3 c6 14. Bb2 Qc7 15. Qc2 Nfd7 16. Rbd1 f5 17. exf5 Rxe1+ 18. Rxe1 Bxd4 19. Nd5 cxd5 20. Bxd5+ Kf8 21. Bxd4 Ne5 22. fxg6 Ncd3 23. Re3 Bf5 24. Bxe5 1-0

[Event "ESP-ch Universities"]
[Site "Madrid"]
[Date "2008.05.10"]
[Round "8"]
[White "Amate Tortosa, Bernardo"]
[Black "Torrenta Planas, Marcel"]
[Result "1-0"]
[WhiteElo "2116"]
[BlackElo "2046"]
[PlyCount "29"]
[EventDate "2008.05.08"]
[EventType "swiss"]
[EventRounds "9"]
[EventCountry "ESP"]
[SourceTitle "CBM 124 Extra"]
[Source "ChessBase"]
[SourceDate "2008.07.03"]
[SourceVersion "1"]
[SourceVersionDate "2008.07.03"]
[SourceQuality "1"]

1. e4 d5 2. exd5 Qxd5 3. Nc3 Qd6 4. d4 Nf6 5. h3 Bf5 6. Nf3 c6 7. Bg5 Ne4 8. Nxe4 Bxe4 9. Bd3 Bxf3 10. Qxf3 Qxd4 11. 0-0-0 Qa4 12. Qf5 f6 13. Qc8+ Kf7 14. Qxb7 fxg5 15. Qxa8 1-0

[Event "ESP-ch Universities"]
[Site "Madrid"]
[Date "2006.05.06"]
[Round "1"]
[White "Baron Rodriguez, Jesus"]
[Black "Torrenta Planas, Marcel"]
[Result "1-0"]
[WhiteElo "2402"]
[BlackElo "2079"]
[PlyCount "31"]
[EventDate "2006.05.06"]
[EventType "team"]
[EventRounds "8"]
[EventCountry "ESP"]
[SourceTitle "CBM 112 Extra"]
[Source "ChessBase"]
[SourceDate "2006.07.14"]
[SourceVersion "1"]
[SourceVersionDate "2006.07.14"]
[SourceQuality "1"]

1. e4 e5 2. Nf3 Nf6 3. d4 Nxe4 4. Bd3 d5 5. Nxe5 Be7 6. 0-0 0-0 7. c4 c5 8. cxd5 Qxd5 9. Re1 Nxf2 10. Kxf2 Qxd4+ 11. Kf1 Bh4 12. Re3 Bf5 13. Nf3 Bxd3+ 14. Qxd3 Qf6 15. Nc3 Rd8 16. Nd5 1-0

[Event "Girona-chA"]
[Site "Girona"]
[Date "2004.??.??"]
[Round "5"]
[White "Fluvia Frigola, Joan"]
[Black "Torrenta Planas, Marcel"]
[Result "1-0"]
[WhiteElo "2265"]
[BlackElo "1975"]
[PlyCount "55"]
[EventDate "2004.??.??"]
[EventType "swiss"]
[EventRounds "9"]
[EventCountry "ESP"]
[SourceTitle "EXT 2007"]
[Source "ChessBase"]
[SourceDate "2006.11.23"]
[SourceVersion "1"]
[SourceVersionDate "2006.11.23"]
[SourceQuality "1"]

1. e4 c6 2. d4 d5 3. Nc3 dxe4 4. Nxe4 Bf5 5. Ng3 Bg6 6. h4 h6 7. Nf3 Nf6 8. h5 Bh7 9. Bd3 Bxd3 10. Qxd3 e6 11. Bd2 Nbd7 12. 0-0-0 Qb6 13. c4 0-0-0 14. Bc3 Bb4 15. a3 Bxc3 16. Qxc3 Kb8 17. Rh4 Rhe8 18. Ne4 e5 19. Nd6 exd4 20. Nxd4 Re7 21. N6f5 Re4 22. Qg3+ Ka8 23. Qxg7 Rxh4 24. Nxh4 Ne4 25. f3 Nec5 26. Nhf5 Na4 27. Nc2 Qf2 28. Nfe3 1-0